00263nam a2200097Ia 4500008004100000020001800041100001900059245004800078260002900126365001000155190107s9999 xx 000 0 und d a9788187326830 aJ.Krishnamurti 0aWorld within: You are the story of humanity bKrishnamurti foundations b295/-